Annual review of entomology: T36

保存先:
書誌詳細
フォーマット: 図書
言語:Undetermined
出版事項: California Annual Reviews 1991
主題:
タグ: タグ追加
タグなし, このレコードへの初めてのタグを付けませんか!
Thư viện lưu trữ: Trung tâm Học liệu Trường Đại học Cần Thơ
LEADER 00441nam a2200157Ia 4500
001 CTU_19364
008 210402s9999 xx 000 0 und d
082 |a 595.70076 
082 |b M685/T36 
245 0 |a Annual review of entomology: T36 
260 |a California 
260 |b Annual Reviews 
260 |c 1991 
650 |a entomology 
904 |i Nguyễn Quang Điền, 960601 
980 |a Trung tâm Học liệu Trường Đại học Cần Thơ